| 000 | 02630nam0a2200361 i 4500 | ||
|---|---|---|---|
| 001 | RU\NLR\BIBL_A\011319475 | ||
| 005 | 20241102084708.0 | ||
| 010 |
_a9785903416639 _9100 |
||
| 021 |
_aRU _b2016-102188 _96802 |
||
| 035 | _a(NLR Aleph) 011319475 | ||
| 090 |
_a11069362 _c11069362 |
||
| 100 | _a20170202d2016 k y0rusy50 ca | ||
| 101 | 0 | _arus | |
| 102 | _aRU | ||
| 105 | _aa z 000zy | ||
| 200 | 1 |
_aИспользование анатомо-морфологических особенностей аномалий зубов у граждан Центральной России, Поволжья, Северного Кавказа и Закавказья для идентификации личности _eмонография _fМ.Т. Саидов, А.И. Манин, Е.Х. Баринов, М.С. Бишарян _gГБОУ ВПО "Моск. гос. медико-стоматол. ун-т им. А.И. Евдокимова" Минздрава России |
|
| 210 |
_aМосква _cЮрИнфоЗдрав _d2016 |
||
| 215 |
_a143 с. _cил. _d20 |
||
| 300 | _aНа обороте тит. л. авт.: М.Т. Саидов - к.м.н., врач-стоматолог, А.И. Манин - к.м.н., доц., Е.Х. Баринов - Заслуж. работник науки и образования РАЕ, д.м.н., проф., д.чл. Междунар. Акад. Естествознания, М.С. Бишарян - д.м.н., проф. | ||
| 320 | _aБиблиогр.: с. 111-142 (372 назв.) | ||
| 606 | 1 |
_aИдентификация личности по зубам _xСудебно-медицинская экспертиза _yАрмения, Республика _92134863 _3RU\NLR\AUTH\661591736 |
|
| 606 | 1 |
_aИдентификация личности по зубам _xСудебно-медицинская экспертиза _yДагестан, Республика _92315843 _3RU\NLR\AUTH\6601611019 |
|
| 606 | 1 |
_aИдентификация личности по зубам _xСудебно-медицинская экспертиза _yРоссийская Федерация _92283604 _3RU\NLR\AUTH\6601596062 |
|
| 686 | 1 | _aР811.435 | |
| 686 | 1 | _aР11(2)062.66 | |
| 700 | 1 |
_aМанин _bА. И. _gАлександр Игоревич |
|
| 701 | 1 |
_aСаидов _bМ. Т. _gМарат Тажудинович |
|
| 701 | 1 |
_aБаринов _bЕ. Х. _f1961- _gЕвгений Христофорович _9150922 _3RU\NLR\AUTH\770150959 |
|
| 701 | 1 |
_aБишарян _bМ. С. _gМгер Спандарович |
|
| 942 | _cBOOK | ||
| 980 | _aNBR | ||